Special Topics in Education : (Record no. 5604)
[ view plain ]
| 000 -LEADER | |
|---|---|
| fixed length control field | 01090nam a22003257a 4500 |
| 003 - CONTROL NUMBER IDENTIFIER | |
| control field | OSt |
| 005 - DATE AND TIME OF LATEST TRANSACTION | |
| control field | 20251117110742.0 |
| 008 - FIXED-LENGTH DATA ELEMENTS--GENERAL INFORMATION | |
| fixed length control field | 251106b |||||||| |||| 00| 0 eng d |
| 020 ## - INTERNATIONAL STANDARD BOOK NUMBER | |
| International Standard Book Number | 971-685-751-1 |
| 040 ## - CATALOGING SOURCE | |
| Original cataloging agency | DWCL - Main Lib |
| Transcribing agency | OC |
| 082 ## - DEWEY DECIMAL CLASSIFICATION NUMBER | |
| Classification number | Prof. 371.102 S741 2013 |
| 100 ## - MAIN ENTRY--PERSONAL NAME | |
| Personal name | Corpuz, Brenda B. [and eleven others] |
| 245 ## - TITLE STATEMENT | |
| Title | Special Topics in Education : |
| Remainder of title | Volume 4 / |
| Statement of responsibility, etc. | Brenda B. Corpuz [and eleven others] |
| 260 ## - PUBLICATION, DISTRIBUTION, ETC. | |
| Place of publication, distribution, etc. | Quezon City, Manila, Philippines : |
| Name of publisher, distributor, etc. | Lorimar Publishing Inc., |
| Date of publication, distribution, etc. | c2013. |
| 300 ## - PHYSICAL DESCRIPTION | |
| Extent | 121 pages : |
| Other physical details | illustrations ; |
| Dimensions | 28cm. |
| 504 ## - BIBLIOGRAPHY, ETC. NOTE | |
| Bibliography, etc. note | Includes bibliographical references. |
| 650 ## - SUBJECT ADDED ENTRY--TOPICAL TERM | |
| Topical term or geographic name entry element | 1. Teaching |
| 700 ## - ADDED ENTRY--PERSONAL NAME | |
| Personal name | I. Paraluman R. Giron |
| 700 ## - ADDED ENTRY--PERSONAL NAME | |
| Personal name | II. Rosita L. Navarro |
| 700 ## - ADDED ENTRY--PERSONAL NAME | |
| Personal name | III. Lolita M. Andrada |
| 700 ## - ADDED ENTRY--PERSONAL NAME | |
| Personal name | IV. Purita P. Bilbao |
| 700 ## - ADDED ENTRY--PERSONAL NAME | |
| Personal name | V. Avelina T. Llaga |
| 700 ## - ADDED ENTRY--PERSONAL NAME | |
| Personal name | VI. Gloria G. Salandanan |
| 700 ## - ADDED ENTRY--PERSONAL NAME | |
| Personal name | VII. Maria Rita D. Lucas |
| 700 ## - ADDED ENTRY--PERSONAL NAME | |
| Personal name | VIII. Paz I. Lucido |
| 700 ## - ADDED ENTRY--PERSONAL NAME | |
| Personal name | IX. Milagros L. Borabo |
| 700 ## - ADDED ENTRY--PERSONAL NAME | |
| Personal name | X. Heidi Grace L Borabo |
| 700 ## - ADDED ENTRY--PERSONAL NAME | |
| Personal name | XI. Amora Q De Torres |
| 942 ## - ADDED ENTRY ELEMENTS (KOHA) | |
| Source of classification or shelving scheme | Dewey Decimal Classification |
| Koha item type | Professional Collections |
| Call number suffix | Prof. |
| Suppress in OPAC | No |
| 952 ## - LOCATION AND ITEM INFORMATION (KOHA) | |
| -- | |
| 952 ## - LOCATION AND ITEM INFORMATION (KOHA) | |
| -- | |
| 952 ## - LOCATION AND ITEM INFORMATION (KOHA) | |
| -- | |
| Withdrawn status | Lost status | Source of classification or shelving scheme | Damaged status | Not for loan | Home library | Current library | Date acquired | Source of acquisition | Cost, normal purchase price | Total Checkouts | Full call number | Barcode | Date last seen | Copy number | Cost, replacement price | Price effective from | Koha item type | Uniform Resource Identifier | Shelving location |
|---|---|---|---|---|---|---|---|---|---|---|---|---|---|---|---|---|---|---|---|
| Dewey Decimal Classification | College Library | College Library | 05/12/2014 | School Fund | Fil. 370.73 S741 2013 | CL50769 | 11/17/2025 | c2 | 11/17/2025 | PROF. | Filipiniana | ||||||||
| Dewey Decimal Classification | College Library | College Library | 05/12/2014 | School Fund | Fil. 370.73 S741 2013 | CL50801 | 11/17/2025 | c3 | 11/17/2025 | PROF. | Filipiniana | ||||||||
| Dewey Decimal Classification | Junior High School Library | Junior High School Library | 03/09/2023 | Library Fund | 180.00 | Prof. 371.102 S741 2013 | JHS - 21108 | 11/06/2025 | c1 | 180.00 | 11/06/2025 | PROF. |